000 00497nam a2200169Ia 4500
003 GCL
008 140319s9999 xx 000 0 ara d
040 _aGCL /
_cGCL
082 0 4 _aد
_b050
100 1 _aعباس محمود العقاد
245 1 0 _aعبقرية الامام ( اقرا 113 ) /
_cعباس محمود العقاد
300 _a160 ص
490 _aوثائق ونصوص
_v0
650 0 4 _aالاسلام - تراجم
650 0 4 _aعلى بن ابى طالب
942 _2ddc
_cCF
999 _c27399
_d27399